| 000 | 01204nam0a2200289 4500 | ||
|---|---|---|---|
| 001 | RU\NLR\ONL2\21189 | ||
| 005 | 20260215050404.0 | ||
| 035 | _a(NLR Aleph) 009668773 | ||
| 090 |
_a13551288 _c13551288 |
||
| 100 | _a20091007d1954 u y0rusy50 ca | ||
| 101 | 0 | _aaze | |
| 102 | _aAZ | ||
| 105 | _ay ||||||||| | ||
| 200 | 1 |
_aЕлм вә дин _eмулаhизэли гыса төвсиjэ эдэбиjjат көстэричиси _fМ. Ф. Ахундов ад. Азэрб. Респ. Умуми Китабхана _gсост. Ә. Хәләфов |
|
| 210 |
_aБакы _cМ. Ф. Ахундов ад. Азэрб. Респ. Умуми Китабхана _d1954 |
||
| 215 |
_a40 с. _d20 |
||
| 541 | 1 |
_aНаука и религия _eаннотированный рекомендательный литературный указатель _zrus |
|
| 606 | 0 |
_9Библиография _aНаука и религия _2nlr-sh1 _2nlr-sh2 _3RU\NLR\auth\66204187 |
|
| 686 | 1 | _aЭ212 я1 | |
| 702 | 1 |
_aХэлэфов _bЭ. _4220 |
|
| 801 | 0 |
_aRU _bNLR _c20111022 _gPSBO |
|
| 852 |
_aNLR _bОНЛ _jАзерб./2-7547 |
||
| 942 | _cUNSPEC | ||
| 980 | _aONL_RF | ||
| 980 | _aNB | ||